| 000 | 00433nam a2200157 i 4500 | ||
|---|---|---|---|
| 001 | 37560 | ||
| 003 | ES-MaACL | ||
| 005 | 20230906155611.0 | ||
| 007 | t| | ||
| 008 | 030221q19001999sp ||||1| spa d | ||
| 100 | 0 |
_aEl Caballero Audaz. _933095 |
|
| 245 | 1 | 0 |
_aEmocionario _b: (almas y paisajes) / _cEl Caballero Audaz (seud.). |
| 260 |
_aMadrid : _bJuan Pueyo, _c[19--?] |
||
| 300 |
_a275 p. ; _c19 cm. |
||
| 852 |
_aES-MaACL _jF-2331 |
||
| 999 |
_c37560 _d37560 |
||